| 000 | 00596nam a22002171a 4500 | ||
|---|---|---|---|
| 001 | 3456 | ||
| 003 | OSt | ||
| 005 | 20260204211851.0 | ||
| 008 | 041003s1998||||mx ||||||b||||||||||spa|| | ||
| 020 | _a9684513127 | ||
| 050 | _a658.4036 G135m | ||
| 082 | _a658.4036 G135m | ||
| 100 | _aGallagher, Charles A. | ||
| 245 | _aMétodo cuantitativo para la toma de decisiones / Charles A. Gallagher | ||
| 264 | _aMéxico : McGraw-Hill | ||
| 300 | _a612 p | ||
| 500 | _aIncluye indice | ||
| 650 | _a1.Toma de decisiones - Administración Gerencial | ||
| 700 | _aWalson, Hugh J.Ì | ||
| 942 |
_2ddc _cBK |
||
| 999 |
_c3456 _d3456 |
||